000
00311 a2200145 4500
001
194912
040
_c
Magnum
100
_a
RODRIGUES, Carolina
240
1
0
_a
O bem que a gente faz
_l
por
245
1
0
_a
O bem que a gente faz
300
_a
16
362
0
_a
2018
697
_a
LITERATURA INFANTIL
942
_c
BK
999
_c
194912
_d
194912